[Event "IND-ch Challengers (Women) 43rd"]
[Site "Chennai"]
[Date "2016.06.23"]
[Round "9"]
[White "Rindhiya, V."]
[Black "Gaayathri, S."]
[Result "1-0"]
[WhiteElo "1590"]
[BlackElo "1180"]
[PlyCount "117"]
[EventDate "2016.06.17"]
[EventType "swiss"]
[EventRounds "11"]
[EventCountry "IND"]
[SourceTitle "CBM 173 Extra"]
[Source "ChessBase"]
[SourceDate "2016.08.29"]
[SourceVersion "1"]
[SourceVersionDate "2016.08.29"]
[SourceQuality "1"]

1. e4 e5 2. Nf3 Nc6 3. Bc4 Bc5 4. Nc3 d6 5. h3 Nf6 6. d3 h6 7. Be3 Bb6 8. d4 0-0 9. 0-0 Re8 10. Re1 exd4 11. Bxd4 Nxd4 12. Nxd4 Be6 13. Bxe6 fxe6 14. Na4 Bxd4 15. Qxd4 e5 16. Qd1 Qd7 17. Nc3 Rf8 18. Qe2 Qc6 19. Rad1 Rf7 20. Rd3 Raf8 21. Rf3 Nh7 22. Nd5 Nf6 23. c4 Qd7 24. Rd1 Nxd5 25. Rxf7 Rxf7 26. Rxd5 a6 27. c5 Rf6 28. Qd3 Qc6 29. b4 Re6 30. Qb3 Kh8 31. a4 dxc5 32. Rxc5 Qd6 33. Qc4 Re7 34. Rd5 Qe6 35. Kf1 Rd7 36. Qc5 Rxd5 37. Qxd5 Qxd5 38. exd5 Kg8 39. Ke2 Kf7 40. Ke3 Ke7 41. g3 g6 42. h4 b6 43. a5 bxa5 44. bxa5 Kd6 45. Ke4 Kc5 46. Kxe5 Kb5 47. h5 gxh5 48. f4 Kxa5 49. f5 Kb4 50. f6 a5 51. f7 a4 52. f8Q+ Kb3 53. Kd4 a3 54. Qb8+ Kc2 55. Qxc7+ Kb1 56. Kd3 a2 57. Qc2+ Ka1 58. Kc3 h4 59. Qc1# 1-0

[Event "IND-ch Challengers (Women) 43rd"]
[Site "Chennai"]
[Date "2016.06.19"]
[Round "4"]
[White "Gaayathri, S."]
[Black "Jayashree P, Sankpal"]
[Result "1/2-1/2"]
[WhiteElo "1180"]
[BlackElo "1619"]
[PlyCount "50"]
[EventDate "2016.06.17"]
[EventType "swiss"]
[EventRounds "11"]
[EventCountry "IND"]
[SourceTitle "CBM 173 Extra"]
[Source "ChessBase"]
[SourceDate "2016.08.29"]
[SourceVersion "1"]
[SourceVersionDate "2016.08.29"]
[SourceQuality "1"]

1. Nf3 d5 2. d4 Nf6 3. g3 g6 4. Bg2 Bg7 5. 0-0 0-0 6. Bd2 Nc6 7. Qc1 Re8 8. Bh6 e5 9. Bxg7 Kxg7 10. dxe5 Nxe5 11. Nbd2 c6 12. Re1 Qb6 13. Nxe5 Rxe5 14. e4 Ng4 15. Re2 f5 16. h3 Nf6 17. Kh2 fxe4 18. c4 Qd8 19. Nf3 exf3 20. Rxe5 fxg2 21. Kxg2 Bd7 22. cxd5 cxd5 23. Qe3 Qf8 24. Re1 Bc6 25. Re7+ Kh8 1/2-1/2

[Event "IND-ch Challengers (Women) 43rd"]
[Site "Chennai"]
[Date "2016.06.17"]
[Round "1"]
[White "Sunyuktha, CMN"]
[Black "Gaayathri, S."]
[Result "1-0"]
[WhiteElo "1880"]
[BlackElo "1180"]
[PlyCount "133"]
[EventDate "2016.06.17"]
[EventType "swiss"]
[EventRounds "11"]
[EventCountry "IND"]
[SourceTitle "CBM 173 Extra"]
[Source "ChessBase"]
[SourceDate "2016.08.29"]
[SourceVersion "1"]
[SourceVersionDate "2016.08.29"]
[SourceQuality "1"]

1. e4 e5 2. Nf3 Nc6 3. Bb5 a6 4. Ba4 Nf6 5. 0-0 b5 6. Bb3 h6 7. c3 Be7 8. Re1 0-0 9. d4 exd4 10. e5 Nh7 11. cxd4 d5 12. Nc3 Be6 13. h3 Bb4 14. Qd3 Re8 15. a3 Bxc3 16. Qxc3 Ne7 17. Bd2 c6 18. Qa5 Qxa5 19. Bxa5 Rac8 20. Rac1 Bd7 21. Rc3 Ng6 22. Bc2 Nhf8 23. Bxg6 Nxg6 24. h4 Bg4 25. Nh2 Bd7 26. g3 h5 27. Rec1 Nf8 28. Bb6 Ne6 29. Nf1 Rb8 30. Bc5 Nxc5 31. Rxc5 a5 32. Ne3 Re6 33. Ng2 g6 34. Nf4 Ree8 35. Kg2 Kg7 36. Nd3 Kh6 37. R5c3 Re7 38. Nc5 Be8 39. Rf3 g5 40. Rf6+ Kg7 41. hxg5 b4 42. a4 b3 43. Rc3 Rb4 44. Rf4 Kg6 45. Rxb3 Rxb3 46. Nxb3 Ra7 47. Rf6+ Kxg5 48. Nc5 h4 49. gxh4+ Kxh4 50. Rh6+ Kg5 51. Rh8 Re7 52. Kg3 Kf5 53. Rh6 Kg5 54. Rf6 Kh5 55. Kf4 Rc7 56. Rd6 Rc8 57. Kf5 Rb8 58. b3 Rc8 59. Kf6 Rc7 60. Rd8 Bd7 61. Rxd7 Rxd7 62. Nxd7 Kg4 63. Kxf7 Kf3 64. e6 Ke4 65. e7 Kxd4 66. e8Q c5 67. Qe3# 1-0

[Event "IND-chT (Women) 13th"]
[Site "Goa"]
[Date "2015.02.26"]
[Round "7"]
[White "Monnisha, GK."]
[Black "Gaayathri, S."]
[Result "1-0"]
[WhiteElo "2065"]
[BlackElo "1171"]
[PlyCount "43"]
[EventDate "2015.02.20"]
[EventType "team-tourn"]
[EventRounds "7"]
[EventCountry "IND"]
[SourceTitle "CBM 165 Extra"]
[Source "ChessBase"]
[SourceDate "2015.04.21"]
[SourceVersion "1"]
[SourceVersionDate "2015.04.21"]
[SourceQuality "1"]
[WhiteTeam "Petroleum Sports (W)"]
[BlackTeam "Goa State (W) II"]
[WhiteTeamCountry "IND"]
[BlackTeamCountry "IND"]

1. e4 e5 2. Nf3 Nc6 3. Bb5 a6 4. Ba4 b5 5. Bb3 Nf6 6. 0-0 Bc5 7. a4 Bb7 8. c3 0-0 9. d4 exd4 10. cxd4 Bb4 11. e5 Ne8 12. Qd3 bxa4 13. Ng5 g6 14. Rxa4 Kg7 15. Qh3 h6 16. Nxf7 Rxf7 17. Qxh6+ Kg8 18. Qxg6+ Ng7 19. Bxf7+ Kf8 20. Bh6 Ke7 21. Qf6+ Kf8 22. Bxg7# 1-0